[Event "SR 2. liga A 2016/2017"]
[Site "?"]
[Date "2018.01.13"]
[Round "5.3"]
[White "Slaba, Andrea"]
[Black "Puchart, Vladimir"]
[Result "1/2-1/2"]
[WhiteElo "1922"]
[BlackElo "2084"]
[PlyCount "176"]
[EventDate "2017.??.??"]
[WhiteTeam "SK Lowe Piestany"]
[BlackTeam "Lokomotiva Trnava B"]

1. c4 Nf6 2. Nf3 c6 3. e3 d5 4. b3 g6 5. Bb2 Bg7 6. Be2 O-O 7. O-O Bf5 8. d3 a5
9. Nc3 Na6 10. Na4 b5 11. cxb5 cxb5 12. Nc3 b4 13. Na4 Bd7 14. Rc1 Bxa4 15.
bxa4 Qb6 16. Bd4 Qb7 17. Nd2 Nd7 18. Bxg7 Kxg7 19. d4 Rac8 20. Qb3 Nc7 21. Bf3
Nf6 22. Rc2 e6 23. Rfc1 Na8 24. Qd3 Rxc2 25. Rxc2 Rc8 26. Nb3 Rxc2 27. Qxc2 Qb6
28. Qc5 Nd7 29. Qxa5 Qxa5 30. Nxa5 Nab6 31. Nc6 Nxa4 32. Nxb4 Nc3 33. Kf1 Nb6
34. Be2 Kf8 35. Ke1 Ke7 36. f3 Kd6 37. Kd2 Nb1+ 38. Kc2 Na3+ 39. Kb3 Nb1 40.
Bd3 Nd2+ 41. Kc3 Ndc4 42. Bxc4 Nxc4 43. Nc2 Kc6 44. e4 Kb5 45. exd5 exd5 46. g4
g5 47. h3 f6 48. Nb4 Ne3 49. Kb3 h6 50. a4+ Ka5 51. Nc6+ Kb6 52. Ne7 Ka5 53.
Nf5 Nf1 54. Nxh6 Nd2+ 55. Kc3 Nxf3 56. Ng8 Ng1 57. Nxf6 Nxh3 58. Nxd5 Kxa4 59.
Kc4 Ka5 60. Kc5 Ka6 61. Kc6 Ka7 62. Kc7 Nf4 63. Kd6 Kb7 64. Nf6 Kc8 65. Ke5 Ng2
66. Kf5 Ne1 67. d5 Nf3 68. Ne4 Kd7 69. Nxg5 Nh4+ 70. Ke4 Ke7 71. Nf3 Ng6 72.
Ne5 Nf8 73. g5 Nh7 74. g6 Nf6+ 75. Kd4 Kd6 76. g7 Ng8 77. Ke4 Nf6+ 78. Kd4 Ng8
79. Nc6 Nf6 80. Nd8 Ke7 81. Ne6 Kd6 82. Nf4 Ng8 83. Nh5 Ne7 84. Ke4 Ng8 85. Kf5
Ne7+ 86. Kf6 Nxd5+ 87. Kf7 Ne7 88. Nf6 Nf5 1/2-1/2

[Event "SR 2. liga A 2016/2017"]
[Site "?"]
[Date "2018.01.13"]
[Round "5.3"]
[White "Stetina, Erik"]
[Black "Curidlo, Jan"]
[Result "1-0"]
[WhiteElo "2011"]
[BlackElo "1854"]
[PlyCount "93"]
[EventDate "2017.??.??"]
[WhiteTeam "Lokomotiva Trnava B"]
[BlackTeam "SK Lowe Piestany"]

1. e4 c5 2. Be2 g6 3. d3 Bg7 4. Nc3 Nc6 5. Be3 d6 6. Qd2 a6 7. f4 e6 8. Nf3
Nge7 9. O-O b6 10. d4 O-O 11. Rad1 Bb7 12. a3 Rc8 13. dxc5 dxc5 14. Na4 Qc7 15.
c3 Rcd8 16. Qc2 Nc8 17. e5 N6e7 18. Ng5 Nf5 19. Bf2 Nfe7 20. b3 Nd5 21. Qc1
Nde7 22. Nb2 h6 23. Nf3 Nf5 24. Nc4 Bd5 25. a4 Na7 26. Qa3 Bxc4 27. Bxc4 a5 28.
Bd3 Nc6 29. Bxf5 gxf5 30. Bh4 Rxd1 31. Rxd1 f6 32. exf6 Bxf6 33. Qc1 Qe7 34.
Bxf6 Rxf6 35. Qd2 e5 36. Qd5+ Qe6 37. fxe5 Qxd5 38. Rxd5 Re6 39. Kf2 Kf8 40.
Ke3 Ne7 41. Rd6 Rxd6 42. exd6 Nd5+ 43. Kd3 Nf6 44. Ne5 Ke8 45. Kc4 Ne4 46. Kd5
Nxc3+ 47. Ke6 1-0

[Event "SR 2. liga A 2016/2017"]
[Site "?"]
[Date "2018.01.13"]
[Round "5.3"]
[White "Slaby, Jozef"]
[Black "Mosny, Jaroslav"]
[Result "1/2-1/2"]
[WhiteElo "1734"]
[BlackElo "1903"]
[PlyCount "28"]
[EventDate "2017.??.??"]
[WhiteTeam "SK Lowe Piestany"]
[BlackTeam "Lokomotiva Trnava B"]

1. Nf3 Nf6 2. c4 e6 3. g3 c5 4. Bg2 Nc6 5. O-O Be7 6. d3 O-O 7. Nbd2 Rb8 8. b3
d6 9. Bb2 b6 10. Ne1 Bb7 11. Nc2 Qc7 12. Nf3 Rbd8 13. e3 d5 14. Qe2 dxc4
1/2-1/2

[Event "SR 2. liga A 2016/2017"]
[Site "?"]
[Date "2018.01.13"]
[Round "5.4"]
[White "Jozefek, Michal"]
[Black "Straka, Jozef"]
[Result "0-1"]
[WhiteElo "2207"]
[BlackElo "2279"]
[PlyCount "80"]
[EventDate "2017.??.??"]
[WhiteTeam "SK Osuske B"]
[BlackTeam "SK Nafta Gbely"]

1. d4 Nf6 2. c4 e6 3. Nc3 Bb4 4. Qc2 b6 5. Bg5 Bb7 6. a3 Bxc3+ 7. Qxc3 c5 8. e3
cxd4 9. exd4 d6 10. f3 Nbd7 11. Bd3 Rc8 12. Ne2 d5 13. b3 O-O 14. O-O Re8 15.
Qd2 Qe7 16. Rfe1 dxc4 17. bxc4 a5 18. Qa2 Qd6 19. Rad1 Ba6 20. Kh1 Qc6 21. Rc1
Qa4 22. Rc2 e5 23. Rb1 exd4 24. Bxf6 gxf6 25. Nxd4 Ne5 26. Bf1 Bxc4 27. Bxc4
Rxc4 28. Rxc4 Qxc4 29. Qf2 Qd3 30. Rxb6 Nd7 31. Qg3+ Kh8 32. h4 Nxb6 33. Qd6
Qb1+ 34. Kh2 Kg7 35. h5 Re5 36. g4 h6 37. Nf5+ Rxf5 38. gxf5 Qb2+ 39. Kh3 Qf2
40. Qc6 Qf1+ 0-1

[Event "SR 2. liga A 2016/2017"]
[Site "?"]
[Date "2018.01.13"]
[Round "5.4"]
[White "Danada, Tomas"]
[Black "Spacek, Oliver"]
[Result "1/2-1/2"]
[WhiteElo "2259"]
[BlackElo "2215"]
[PlyCount "113"]
[EventDate "2017.??.??"]
[WhiteTeam "SK Nafta Gbely"]
[BlackTeam "SK Osuske B"]

1. d4 Nf6 2. c4 c5 3. d5 b5 4. Nf3 g6 5. cxb5 a6 6. e3 Bg7 7. a4 axb5 8. Bxb5
Ba6 9. Ra3 O-O 10. O-O d6 11. Qd3 Bxb5 12. axb5 Nbd7 13. Bd2 Nb6 14. e4 Qd7 15.
Ba5 c4 16. Qe3 Nbxd5 17. exd5 Nxd5 18. Qd2 Qxb5 19. Nc3 Nxc3 20. Bxc3 Bxc3 21.
Qxc3 Rxa3 22. bxa3 Rc8 23. h4 f6 24. Ra1 e5 25. a4 Qa6 26. Rd1 Rc5 27. Qb4 c3
28. Rc1 Qd3 29. Qb3+ Kg7 30. Ne1 Qe4 31. Kf1 Qxh4 32. Rxc3 Rxc3 33. Qxc3 Qxa4
34. Qc7+ Kh6 35. Qxd6 Qc4+ 36. Kg1 Qc1 37. Qf8+ Kg5 38. Qb4 f5 39. Kh2 e4 40.
g3 Qd1 41. f4+ Kg4 42. Qc3 Qe2+ 43. Ng2 Qf2 44. Qb3 Qe2 45. Qc3 Qf2 46. Qb3 Qe2
47. Qb1 e3 48. Qe1 Qf2 49. Qxf2 exf2 50. Ne3+ Kf3 51. Nf1 h6 52. Kh3 Ke2 53.
Kg2 g5 54. Nh2 g4 55. Nf1 h5 56. Nh2 Ke1 57. Nf1 1/2-1/2

[Event "SR 2. liga A 2016/2017"]
[Site "?"]
[Date "2018.01.13"]
[Round "5.4"]
[White "Ocko, Martin"]
[Black "Sosovicka, Juraj"]
[Result "1/2-1/2"]
[WhiteElo "1993"]
[BlackElo "2131"]
[PlyCount "37"]
[EventDate "2017.??.??"]
[WhiteTeam "SK Osuske B"]
[BlackTeam "SK Nafta Gbely"]

1. d4 Nf6 2. Nf3 d5 3. g3 Bf5 4. Bg2 e6 5. O-O h6 6. b3 Nbd7 7. Bb2 Be7 8. Nbd2
O-O 9. c4 c6 10. Re1 Bh7 11. Ne5 Nxe5 12. dxe5 Nd7 13. cxd5 cxd5 14. e4 Nc5 15.
Ba3 Nxe4 16. Bxe7 Qxe7 17. Nxe4 Bxe4 18. Bxe4 dxe4 19. Rxe4 1/2-1/2

[Event "SR 2. liga A 2016/2017"]
[Site "?"]
[Date "2018.01.13"]
[Round "5.4"]
[White "Pribila, Gerhard"]
[Black "Nemeckay, Rastislav"]
[Result "1/2-1/2"]
[WhiteElo "2117"]
[BlackElo "1943"]
[PlyCount "30"]
[EventDate "2017.??.??"]
[WhiteTeam "SK Nafta Gbely"]
[BlackTeam "SK Osuske B"]

1. d4 d5 2. c4 c6 3. Nf3 Nf6 4. Nc3 e6 5. Bg5 Nbd7 6. e3 Qa5 7. Bxf6 Nxf6 8.
Bd3 dxc4 9. Bxc4 b5 10. Bb3 c5 11. O-O a6 12. Ng5 Bb7 13. Bc2 Rd8 14. Nce4 Nxe4
15. Nxe4 cxd4 1/2-1/2

[Event "SR 2. liga A 2016/2017"]
[Site "?"]
[Date "2018.01.13"]
[Round "5.4"]
[White "Diviak, Rastislav"]
[Black "Travnicek, Petr"]
[Result "0-1"]
[WhiteElo "1960"]
[BlackElo "2122"]
[PlyCount "120"]
[EventDate "2017.??.??"]
[WhiteTeam "SK Osuske B"]
[BlackTeam "SK Nafta Gbely"]

1. e4 c5 2. Nf3 Nc6 3. d4 cxd4 4. Nxd4 Nf6 5. Nc3 e5 6. Ndb5 d6 7. Bg5 a6 8.
Na3 b5 9. Bxf6 gxf6 10. Nd5 f5 11. c3 Bg7 12. exf5 Bxf5 13. Nc2 O-O 14. Nce3
Bd7 15. Bd3 f5 16. Bc2 e4 17. Nf4 Kh8 18. Ned5 Qg5 19. Qh5 Qxh5 20. Nxh5 Be5
21. Nhf4 b4 22. O-O bxc3 23. bxc3 Na5 24. Rfd1 Rab8 25. Rab1 Nc4 26. Rb4 Rfc8
27. g3 Na3 28. Bb3 a5 29. Rxb8 Rxb8 30. Rc1 a4 31. Bd1 Rb2 32. h4 Nc4 33. Be2
Bb5 34. Nc7 Bxf4 35. gxf4 Rxe2 36. Nxb5 Rxa2 37. Rd1 a3 38. Rd4 Rb2 39. Rxc4
Rxb5 40. Ra4 Rb3 41. c4 Kg7 42. Ra6 Kf7 43. Kg2 Rd3 44. h5 h6 45. Ra7+ Ke8 46.
Ra5 Rc3 47. Rxf5 Rxc4 48. Ra5 Rc3 49. f5 Ke7 50. Ra4 d5 51. Ra6 Rf3 52. Rxh6
Rxf5 53. Ra6 Rf3 54. h6 Kf7 55. Ra7+ Kg8 56. Rg7+ Kh8 57. Rd7 Rd3 58. Ra7 d4
59. Kf1 Rb3 60. Ke2 Rb2+ 0-1

[Event "SR 2. liga A 2016/2017"]
[Site "?"]
[Date "2018.01.13"]
[Round "5.4"]
[White "Pribila, Michal"]
[Black "Ulehla, Jakub"]
[Result "1/2-1/2"]
[WhiteElo "2071"]
[BlackElo "1732"]
[PlyCount "97"]
[EventDate "2017.??.??"]
[WhiteTeam "SK Nafta Gbely"]
[BlackTeam "SK Osuske B"]

1. e4 c5 2. c3 Nc6 3. d4 d6 4. d5 Ne5 5. f4 Nd7 6. Nf3 Qc7 7. c4 g6 8. Nc3 a6
9. Qa4 Bg7 10. Bd3 Nh6 11. O-O O-O 12. Qc2 Ng4 13. h3 Ngf6 14. Bd2 e6 15. Rae1
exd5 16. exd5 Nb6 17. Nh4 Qd8 18. Nf3 Qc7 19. a4 Bd7 20. a5 Nc8 21. Ne2 b6 22.
axb6 Nxb6 23. Ng3 Rab8 24. f5 Qb7 25. b3 Nc8 26. Rb1 Ne7 27. fxg6 Nxg6 28. Ng5
Qc8 29. Bc3 Qd8 30. N5e4 Nxe4 31. Nxe4 Qh4 32. Bxg7 Kxg7 33. Qc3+ f6 34. Nxd6
Nf4 35. Rb2 Qg3 36. Rf3 Nxh3+ 37. Kf1 Qxd6 38. gxh3 Rbe8 39. Rbf2 Re5 40. Bc2
Qe7 41. Rg3+ Kh8 42. Qd3 Re8 43. Kg2 Rg8 44. Rxg8+ Kxg8 45. Qf3 Rg5+ 46. Kf1
Qe5 47. Rg2 Qa1+ 48. Ke2 Qe5+ 49. Kf2 1/2-1/2

[Event "SR 2. liga A 2016/2017"]
[Site "?"]
[Date "2018.01.13"]
[Round "5.4"]
[White "Valigursky, Michal"]
[Black "Nadzamova, Sofia"]
[Result "1/2-1/2"]
[WhiteElo "1721"]
[BlackElo "1856"]
[PlyCount "93"]
[EventDate "2017.??.??"]
[WhiteTeam "SK Osuske B"]
[BlackTeam "SK Nafta Gbely"]

1. e4 c5 2. Nf3 Nc6 3. d4 cxd4 4. Nxd4 e5 5. Nf3 Nf6 6. Bg5 h6 7. Bxf6 Qxf6 8.
Bc4 Bc5 9. Nc3 O-O 10. Nd5 Qd8 11. c3 d6 12. Qd3 Na5 13. Bb5 a6 14. Ba4 Nc6 15.
b4 Ba7 16. Bb3 Be6 17. O-O Qd7 18. Nh4 Rfd8 19. Nf5 Bxf5 20. exf5 Ne7 21. Nxe7+
Qxe7 22. Qd5 Rac8 23. Rac1 Rc7 24. Rfd1 Qd7 25. g4 Qe7 26. Rd3 Qh4 27. Rg3 Qe7
28. Rf3 Qg5 29. Re1 Qxg4+ 30. Rg3 Qxf5 31. Qg2 Qh7 32. Kh1 Kh8 33. Rg1 f6 34.
Bc2 Qg8 35. Rg6 Qf8 36. Qh3 Bxf2 37. Rf1 Be3 38. Qxe3 Rdc8 39. Rfxf6 gxf6 40.
Rxh6+ Kg8 41. Bb3+ Kg7 42. Qh3 f5 43. Rh7+ Kg6 44. Qh5+ Kf6 45. Qh4+ Kg6 46.
Qh5+ Kf6 47. Qh4+ 1/2-1/2

[Event "SR 2. liga A 2016/2017"]
[Site "?"]
[Date "2018.01.13"]
[Round "5.4"]
[White "Ambros, Rafael"]
[Black "Vozarova, Adriana"]
[Result "1-0"]
[WhiteElo "1982"]
[BlackElo "1592"]
[PlyCount "27"]
[EventDate "2017.??.??"]
[WhiteTeam "SK Nafta Gbely"]
[BlackTeam "SK Osuske B"]

1. e4 c5 2. c3 Nc6 3. d4 cxd4 4. cxd4 d5 5. exd5 Qxd5 6. Nf3 Bg4 7. Nc3 Qa5 8.
d5 O-O-O 9. Be2 Nf6 10. O-O Nxd5 11. Nxd5 Qxd5 12. Qa4 Bxf3 13. Bxf3 Qa5 14.
Bxc6 1-0

[Event "SR 2. liga A 2016/2017"]
[Site "?"]
[Date "2018.01.13"]
[Round "5.5"]
[White "Farkas, Gabor"]
[Black "Takacs, Laszlo"]
[Result "1-0"]
[WhiteElo "2397"]
[BlackElo "2236"]
[PlyCount "59"]
[EventDate "2017.??.??"]
[WhiteTeam "SK Senec"]
[BlackTeam "DSC Potonska veza"]

1. e4 c6 2. d4 d5 3. Nd2 dxe4 4. Nxe4 Bf5 5. Ng3 Bg6 6. h4 h6 7. Nf3 Nd7 8. h5
Bh7 9. Bd3 Bxd3 10. Qxd3 e6 11. Bd2 Ngf6 12. O-O-O Be7 13. Ne4 Nxe4 14. Qxe4
Nf6 15. Qe2 Qd5 16. Kb1 Nxh5 17. Ne5 Nf6 18. Rhe1 Rf8 19. c4 Qxg2 20. d5 cxd5
21. cxd5 O-O-O 22. Nc6 Nxd5 23. Nxd8 Qg6+ 24. Ka1 Rxd8 25. Bf4 Rd7 26. Qc4+ Kd8
27. Rc1 Ke8 28. Qa4 Qg4 29. Rc8+ Bd8 30. Rxd8+ 1-0

[Event "SR 2. liga A 2016/2017"]
[Site "?"]
[Date "2018.01.13"]
[Round "5.5"]
[White "Marosi, Csaba"]
[Black "Balogh, Peter"]
[Result "1/2-1/2"]
[WhiteElo "2017"]
[BlackElo "2285"]
[PlyCount "38"]
[EventDate "2017.??.??"]
[WhiteTeam "DSC Potonska veza"]
[BlackTeam "SK Senec"]

1. e4 e6 2. d4 d5 3. exd5 exd5 4. Bd3 Bd6 5. Ne2 Nf6 6. Bf4 Bxf4 7. Nxf4 O-O 8.
O-O Qd6 9. Qd2 Nc6 10. c3 Ne7 11. Na3 Bf5 12. f3 c5 13. dxc5 Qxc5+ 14. Qf2 Qc7
15. Bxf5 Nxf5 16. Nd3 a6 17. Nc2 Rfe8 18. Rfe1 Rad8 19. Qc5 Qb8 1/2-1/2

[Event "SR 2. liga A 2016/2017"]
[Site "?"]
[Date "2018.01.13"]
[Round "5.5"]
[White "Gruca, Miroslav"]
[Black "Darasz, Zoltan"]
[Result "0-1"]
[WhiteElo "2173"]
[BlackElo "2164"]
[PlyCount "50"]
[EventDate "2017.??.??"]
[WhiteTeam "SK Senec"]
[BlackTeam "DSC Potonska veza"]

1. b3 Nf6 2. Bb2 g6 3. e4 d6 4. f4 Bg7 5. Nf3 O-O 6. d3 e5 7. fxe5 Ng4 8. Nc3
Nxe5 9. Qe2 a5 10. O-O-O a4 11. Nxe5 dxe5 12. Qe3 axb3 13. axb3 Nc6 14. Be2 Nd4
15. Bf3 b5 16. Ne2 c5 17. Nxd4 exd4 18. Qd2 Be6 19. Rde1 c4 20. dxc4 bxc4 21.
bxc4 Qb6 22. c5 Qb5 23. Be2 Qa4 24. e5 Rfb8 25. Qxd4 Bh6+ 0-1

[Event "SR 2. liga A 2016/2017"]
[Site "?"]
[Date "2018.01.13"]
[Round "5.5"]
[White "Veselsky, Jozef"]
[Black "Micek, Jaroslav"]
[Result "1-0"]
[WhiteElo "2115"]
[BlackElo "2078"]
[PlyCount "139"]
[EventDate "2017.??.??"]
[WhiteTeam "DSC Potonska veza"]
[BlackTeam "SK Senec"]

1. d4 d5 2. Nf3 Nf6 3. c4 dxc4 4. e3 Bg4 5. Bxc4 e6 6. Qb3 Qc8 7. Nc3 Be7 8. d5
O-O 9. dxe6 Nc6 10. exf7+ Kh8 11. Be2 Be6 12. Qa4 Bxf7 13. O-O a6 14. a3 Bd6
15. b4 Qf5 16. Bb2 b5 17. Qd1 Rad8 18. Qb1 Qh5 19. h3 Be6 20. Nd4 Qe5 21. Nf3
Qh5 22. Ne4 Bf5 23. Nxf6 gxf6 24. Nd4 Qxe2 25. Nxe2 Bxb1 26. Raxb1 Ne5 27. Rbd1
Kg7 28. Nf4 Kf7 29. Nd5 Ke6 30. e4 Nc4 31. Bc1 Rg8 32. Ne3 Nb6 33. Bb2 Rd7 34.
g3 Rgd8 35. Rc1 Na4 36. Ba1 c5 37. Nd5 Rf7 38. Rfd1 c4 39. Bd4 Be5 40. Bxe5
Kxe5 41. f4+ Ke6 42. Nc7+ Ke7 43. Nxa6 Nb2 44. Rxd8 Kxd8 45. Nc5 Ra7 46. Rc2
Na4 47. Nxa4 Rxa4 48. Rc3 Ra7 49. Kf2 Rd7 50. Ke3 Rd1 51. a4 bxa4 52. Rxc4 a3
53. Rc2 Ra1 54. Kd4 a2 55. Kc5 Kc7 56. Kb5+ Kb7 57. e5 fxe5 58. fxe5 Re1 59.
Rxa2 Rxe5+ 60. Ka4 Rg5 61. Ra3 h5 62. Rf3 Kb6 63. Rf6+ Kb7 64. Rh6 Ka7 65. b5
Kb7 66. Ka5 Rxg3 67. Rh7+ Kc8 68. Rxh5 Kb7 69. Rh7+ Kc8 70. h4 1-0

[Event "SR 2. liga A 2016/2017"]
[Site "?"]
[Date "2018.01.13"]
[Round "5.5"]
[White "Koval, Michal"]
[Black "Kalmar, Tamas"]
[Result "1-0"]
[WhiteElo "2023"]
[BlackElo "2093"]
[PlyCount "63"]
[EventDate "2017.??.??"]
[WhiteTeam "SK Senec"]
[BlackTeam "DSC Potonska veza"]

1. e4 c6 2. d4 d5 3. exd5 cxd5 4. Bd3 Nf6 5. h3 Nc6 6. c3 g6 7. Nf3 Qc7 8. O-O
Bg7 9. Re1 O-O 10. Bg5 a6 11. Nbd2 Bf5 12. Bxf5 gxf5 13. Nh4 e6 14. Qf3 Kh8 15.
g4 Ne4 16. Nxe4 fxe4 17. Qe3 f5 18. Bf4 Qf7 19. g5 e5 20. dxe5 Nxe5 21. Bxe5
Bxe5 22. f4 Bg7 23. Ng2 Rad8 24. Rad1 d4 25. cxd4 Qxa2 26. Re2 Rd7 27. Red2
Rfd8 28. Qc3 Qa4 29. Ne3 Bxd4 30. Rxd4 Rxd4 31. Nc2 Qxc2 32. Rxd4 1-0

[Event "SR 2. liga A 2016/2017"]
[Site "?"]
[Date "2018.01.13"]
[Round "5.5"]
[White "Merva, Frantisek"]
[Black "Pusec, Pavel"]
[Result "1-0"]
[WhiteElo "2077"]
[BlackElo "1977"]
[PlyCount "45"]
[EventDate "2017.??.??"]
[WhiteTeam "DSC Potonska veza"]
[BlackTeam "SK Senec"]

1. d4 f5 2. e4 fxe4 3. Nc3 Nf6 4. Bg5 g6 5. f3 exf3 6. Nxf3 d6 7. Bc4 c6 8. Qe2
Bg7 9. O-O-O d5 10. Bd3 Bg4 11. Rde1 Nbd7 12. h3 Bxf3 13. gxf3 O-O 14. f4 Rf7
15. f5 Nf8 16. fxg6 hxg6 17. Rhf1 Qd7 18. Qg2 Rc8 19. Bd2 b5 20. Bxg6 Nxg6 21.
Qxg6 Rcf8 22. h4 Qg4 23. Rxf6 1-0

[Event "SR 2. liga A 2016/2017"]
[Site "?"]
[Date "2018.01.13"]
[Round "5.5"]
[White "Pozsar, Peter"]
[Black "Vegh, Vince"]
[Result "0-1"]
[WhiteElo "1914"]
[BlackElo "1914"]
[PlyCount "92"]
[EventDate "2017.??.??"]
[WhiteTeam "SK Senec"]
[BlackTeam "DSC Potonska veza"]

1. e4 c5 2. Nf3 Nc6 3. d4 cxd4 4. Nxd4 e5 5. Nb5 d6 6. N1c3 a6 7. Na3 b5 8. Nd5
Nf6 9. Bg5 Be7 10. Nxe7 Qxe7 11. Bd3 Be6 12. O-O Rd8 13. c4 b4 14. Nc2 a5 15.
Ne3 Qc7 16. Rc1 Nd4 17. Nd5 Bxd5 18. cxd5 Qb6 19. Qa4+ Ke7 20. Rc4 Rc8 21. Rfc1
Rxc4 22. Rxc4 h6 23. Be3 Nd7 24. Rc6 Nc5 25. Rxb6 Nxa4 26. Rb7+ Kf6 27. Rc7
Nxb2 28. Bf1 Rb8 29. f4 a4 30. fxe5+ dxe5 31. Ra7 b3 32. Ra6+ Ke7 33. axb3 axb3
34. Bc1 Nd1 35. Ba3+ Ke8 36. Ra7 b2 37. Re7+ Kd8 38. Rxf7 b1=Q 39. Rf8+ Kd7 40.
Rf7+ Kc8 41. Ba6+ Kd8 42. Rf8+ Kc7 43. d6+ Kd7 44. Rf7+ Ke8 45. Re7+ Kd8 46.
Rc7 Ne2+ 0-1

[Event "SR 2. liga A 2016/2017"]
[Site "?"]
[Date "2018.01.13"]
[Round "5.5"]
[White "Feher, Tibor"]
[Black "Cibik, Jan"]
[Result "0-1"]
[WhiteElo "1821"]
[BlackElo "1862"]
[PlyCount "52"]
[EventDate "2017.??.??"]
[WhiteTeam "DSC Potonska veza"]
[BlackTeam "SK Senec"]

1. e4 e5 2. Nf3 Nc6 3. d4 exd4 4. Nxd4 Bc5 5. Be3 Bb6 6. Nxc6 bxc6 7. Bxb6 axb6
8. Nc3 Ne7 9. Be2 O-O 10. Qd2 d6 11. O-O-O Ba6 12. a3 Bxe2 13. Qxe2 b5 14. Na2
Qb8 15. c4 bxc4 16. Qxc4 Ra5 17. Qb4 Rb5 18. Qd2 Rb7 19. Nc3 Rb3 20. Rhe1 Rd8
21. Re2 c5 22. e5 Nf5 23. Na4 Rxa3 24. Nxc5 Ra1+ 25. Kc2 Qxb2+ 26. Kd3 Qd4+ 0-1

[Event "SR 2. liga A 2016/2017"]
[Site "?"]
[Date "2018.01.13"]
[Round "5.6"]
[White "Dolnak, Michal"]
[Black "Federic, Jozef"]
[Result "1/2-1/2"]
[WhiteElo "2245"]
[BlackElo "2225"]
[PlyCount "77"]
[EventDate "2017.??.??"]
[WhiteTeam "SK Krasnany"]
[BlackTeam "SK Modra B"]

1. d4 d5 2. Nf3 Nf6 3. c4 e6 4. Nc3 Be7 5. Bg5 Nbd7 6. e3 O-O 7. Rc1 c6 8. a3
Re8 9. Bd3 dxc4 10. Bxc4 Nd5 11. Bxe7 Qxe7 12. O-O Nxc3 13. Rxc3 e5 14. e4 exd4
15. Qxd4 Ne5 16. Nxe5 Qxe5 17. Qxe5 Rxe5 18. Rd1 Kf8 19. Rd8+ Re8 20. Rcd3 Ke7
21. Rxe8+ Kxe8 22. f4 Be6 23. Bxe6 fxe6 24. Kf2 Ke7 25. Ke3 Rf8 26. g4 Rf6 27.
g5 Rf8 28. Rd1 g6 29. h4 h5 30. gxh6 Rh8 31. Kf3 Rxh6 32. Kg4 Rh5 33. Rd2 Rc5
34. Rg2 Kf7 35. e5 Rd5 36. h5 gxh5+ 37. Kxh5 Rd8 38. Rf2 Rg8 39. Rd2 1/2-1/2

[Event "SR 2. liga A 2016/2017"]
[Site "?"]
[Date "2018.01.13"]
[Round "5.6"]
[White "Mydlarik, Martin"]
[Black "Sukuba, Zdeno"]
[Result "1-0"]
[WhiteElo "2088"]
[BlackElo "2171"]
[PlyCount "133"]
[EventDate "2017.??.??"]
[WhiteTeam "SK Modra B"]
[BlackTeam "SK Krasnany"]

1. c4 e5 2. Nc3 Nf6 3. g3 d5 4. cxd5 Nxd5 5. Bg2 Nb6 6. Nf3 Nc6 7. O-O Be7 8.
d3 Be6 9. Be3 Nd5 10. Nxd5 Bxd5 11. Qa4 O-O 12. Rac1 a6 13. a3 Bd6 14. Nd2 Bxg2
15. Kxg2 Qd7 16. Ne4 Rfd8 17. Nc5 Bxc5 18. Rxc5 Qe6 19. Qc4 Qxc4 20. Rxc4 Rac8
21. Rfc1 Rd7 22. b4 Ne7 23. a4 Nd5 24. Bc5 b6 25. Be3 f6 26. Bd2 Kf7 27. e4 Ne7
28. Be3 b5 29. R4c3 bxa4 30. Ra1 Rb8 31. Rxa4 Rb5 32. Kf1 c5 33. bxc5 a5 34. c6
Rc7 35. Rac4 a4 36. Rxa4 Rxc6 37. Rxc6 Nxc6 38. Rc4 Rb1+ 39. Kg2 Nb4 40. Rc7+
Kg6 41. Rb7 Rb2 42. d4 Nd3 43. Rxb2 Nxb2 44. d5 Nc4 45. Bc5 Kf7 46. Kf3 h5 47.
Ke2 g5 48. h3 g4 49. h4 Ke8 50. Bb4 Nb6 51. f3 f5 52. Bc5 Nd7 53. Bd6 Kf7 54.
fxg4 fxg4 55. Kd3 Ke8 56. Kc4 Nf6 57. Bxe5 Nxe4 58. Kd4 Nd2 59. Ke3 Nc4+ 60.
Kf4 Kf7 61. Kf5 Ne3+ 62. Ke4 Nc4 63. Bf4 Kf6 64. Kd4 Na5 65. Kc5 Ke7 66. Kb6
Nc4+ 67. Kc7 1-0

[Event "SR 2. liga A 2016/2017"]
[Site "?"]
[Date "2018.01.13"]
[Round "5.6"]
[White "Bronis, Marian"]
[Black "Bochnicka, Vladimir"]
[Result "1/2-1/2"]
[WhiteElo "2075"]
[BlackElo "2096"]
[PlyCount "68"]
[EventDate "2017.??.??"]
[WhiteTeam "SK Krasnany"]
[BlackTeam "SK Modra B"]

1. d4 d5 2. c4 e6 3. Nc3 Nf6 4. cxd5 Nxd5 5. e4 Nxc3 6. bxc3 c5 7. a3 cxd4 8.
cxd4 Be7 9. Nf3 O-O 10. Bc4 b5 11. Bb3 Bb7 12. Qe2 Nd7 13. O-O Nb6 14. Re1 b4
15. Bb2 a5 16. axb4 Bxb4 17. Rec1 Ba6 18. Qe3 Rc8 19. Rxc8 Qxc8 20. Rc1 Qb7 21.
d5 exd5 22. Qd4 f6 23. exd5 Bd6 24. Rc6 Nc8 25. Bc2 Qb5 26. Qd1 Bb7 27. Ng5
fxg5 28. Qh5 Rf7 29. Bxg7 Kxg7 30. Qxg5+ Kh8 31. Bxh7 Kxh7 32. Qh5+ Kg7 33.
Qg5+ Kh7 34. Qh5+ Kg7 1/2-1/2

[Event "SR 2. liga A 2016/2017"]
[Site "?"]
[Date "2018.01.13"]
[Round "5.6"]
[White "Bochnicka, Vladimir ml"]
[Black "Biro, Karol"]
[Result "1-0"]
[WhiteElo "1953"]
[BlackElo "2090"]
[PlyCount "53"]
[EventDate "2017.??.??"]
[WhiteTeam "SK Modra B"]
[BlackTeam "SK Krasnany"]

1. e4 Nf6 2. e5 Nd5 3. d4 d6 4. c4 Nb6 5. exd6 cxd6 6. Nc3 g6 7. Be3 Bg7 8. Nf3
O-O 9. b3 Nc6 10. Rc1 Bg4 11. Be2 e5 12. dxe5 dxe5 13. O-O Nd4 14. Nxd4 exd4
15. Bxg4 dxe3 16. fxe3 Qg5 17. Qf3 Rae8 18. Qf4 Qa5 19. Nb5 a6 20. Nd4 Qd2 21.
Rce1 Rxe3 22. Nf3 Qb2 23. Qxe3 f5 24. Bh3 Nc8 25. Qe6+ Kh8 26. Kh1 Bf6 27. Ne5
1-0

[Event "SR 2. liga A 2016/2017"]
[Site "?"]
[Date "2018.01.13"]
[Round "5.6"]
[White "Janos, Ivan"]
[Black "Sobek, Michal"]
[Result "1-0"]
[WhiteElo "2085"]
[BlackElo "1925"]
[PlyCount "81"]
[EventDate "2017.??.??"]
[WhiteTeam "SK Krasnany"]
[BlackTeam "SK Modra B"]

1. e4 c5 2. a3 Nc6 3. b4 e6 4. Bb2 Qb6 5. Nc3 cxb4 6. axb4 Nxb4 7. Nb5 Qc6 8.
Nc3 Nf6 9. Bb5 Qb6 10. Ba4 Bc5 11. Nh3 O-O 12. Bb3 Qc6 13. O-O Nxe4 14. Ba4 b5
15. Nxb5 f5 16. d4 Be7 17. c3 Nd5 18. Qd3 Bb7 19. f3 Nd6 20. Ba3 Qc4 21. Qxc4
Nxc4 22. Bxe7 Nxe7 23. Rfb1 Rfc8 24. Na3 Bd5 25. Bxd7 Rc7 26. Nxc4 Bxc4 27. Rb4
Kf7 28. Nf4 Rxd7 29. Rxc4 a5 30. Nd3 Rda7 31. Nc5 Nd5 32. Nd3 a4 33. Ra3 Rb8
34. Ne5+ Kf6 35. Raxa4 Rxa4 36. Rxa4 Rb1+ 37. Kf2 Rb2+ 38. Ke1 Nxc3 39. Ra7 g6
40. f4 Rb1+ 41. Kd2 1-0

[Event "SR 2. liga A 2016/2017"]
[Site "?"]
[Date "2018.01.13"]
[Round "5.6"]
[White "Sustak, Roman"]
[Black "Kohlmann, Robert"]
[Result "1/2-1/2"]
[WhiteElo "1927"]
[BlackElo "2091"]
[PlyCount "26"]
[EventDate "2017.??.??"]
[WhiteTeam "SK Modra B"]
[BlackTeam "SK Krasnany"]

1. Nf3 g6 2. g3 Bg7 3. Bg2 Nf6 4. O-O O-O 5. d4 d6 6. c4 Nc6 7. Nc3 e5 8. d5
Ne7 9. e4 Ne8 10. Ne1 f5 11. f4 fxe4 12. Nxe4 Nf6 13. Nd3 Nf5 1/2-1/2

[Event "SR 2. liga A 2016/2017"]
[Site "?"]
[Date "2018.01.13"]
[Round "5.6"]
[White "Mandak, Miroslav"]
[Black "Horvath, Marek"]
[Result "1/2-1/2"]
[WhiteElo "1954"]
[BlackElo "1834"]
[PlyCount "70"]
[EventDate "2017.??.??"]
[WhiteTeam "SK Krasnany"]
[BlackTeam "SK Modra B"]

1. e4 e5 2. Bc4 Nf6 3. Nc3 c6 4. Nf3 Bb4 5. d3 d5 6. exd5 cxd5 7. Bb5+ Bd7 8.
Bxd7+ Nbxd7 9. O-O O-O 10. Bd2 Re8 11. a3 Bf8 12. Bg5 Qb6 13. Rb1 Rac8 14. Ne2
Qc6 15. c3 Qa6 16. Ne1 Qe6 17. h3 Qf5 18. Be3 b6 19. Nc2 Bd6 20. f4 exf4 21.
Bxf4 Bxf4 22. Nxf4 Qg5 23. Qd2 Nh5 24. Rbd1 Ng3 25. Rf2 Nf6 26. Nd4 Nfh5 27.
Nxh5 Qxd2 28. Nf6+ gxf6 29. Rfxd2 Re5 30. Rf2 Rce8 31. Rxf6 Re1+ 32. Rxe1 Rxe1+
33. Kh2 Nf1+ 34. Kg1 Ng3+ 35. Kh2 Nf1+ 1/2-1/2